<?xml version="1.0" encoding="UTF-8"?>
<marc:record xmlns:marc="http://www.loc.gov/MARC21/slim">
   <marc:leader>00000nam a2200000 a 4500</marc:leader>
   <marc:datafield ind1="1" ind2=" " tag="100">
      <marc:subfield code="a">Rennert, Erwin</marc:subfield>
      <marc:subfield code="4">aut</marc:subfield>
      <marc:subfield code="e">Verfasser/-in</marc:subfield>
   </marc:datafield>
   <marc:datafield ind1=" " ind2=" " tag="653">
      <marc:subfield code="a">Rennert</marc:subfield>
   </marc:datafield>
   <marc:datafield ind1=" " ind2=" " tag="653">
      <marc:subfield code="a">Erwin</marc:subfield>
   </marc:datafield>
   <marc:datafield ind1=" " ind2=" " tag="653">
      <marc:subfield code="a">Autobiografie</marc:subfield>
   </marc:datafield>
   <marc:datafield ind1=" " ind2=" " tag="653">
      <marc:subfield code="a">Autobiographie 1947-1971</marc:subfield>
   </marc:datafield>
   <marc:datafield ind1="0" ind2="0" tag="245">
      <marc:subfield code="a">Fast schon Amerikaner</marc:subfield>
   </marc:datafield>
   <marc:datafield ind1="0" ind2="0" tag="245">
      <marc:subfield code="b">Lebenserinnerungen 1947 - 1971</marc:subfield>
   </marc:datafield>
   <marc:datafield ind1="0" ind2="0" tag="245">
      <marc:subfield code="c">Erwin Rennert. [Ein Projekt von Exil, Zentrum für Interkulturelle Kunst und Antirassismusarbeit in Kooperation mit dem Verein Kulturzentrum Spittelberg</marc:subfield>
   </marc:datafield>
   <marc:datafield ind1=" " ind2="1" tag="264">
      <marc:subfield code="a">Wien</marc:subfield>
      <marc:subfield code="b">Ed. Exil</marc:subfield>
      <marc:subfield code="c">2005</marc:subfield>
   </marc:datafield>
   <marc:datafield ind1="1" ind2=" " tag="520">
      <marc:subfield code="a">Angaben aus der Verlagsmeldung

Fast schon Amerikaner : Lebenserinnerungen 2. Teil / von Erwin Rennert

Erwin Rennert, dessen Buch "Der Welt in die Quere" im Jahr 2000 in der edition exil erschien und das mit zahlreichen Rezensionen in Wiener Tageszeitungen äußerst positiv kritisiert wurde, schreibt derzeit am zweiten Teil seiner Lebenserinnerungen. Sie umfassen die Zeit von 1946 bis 1963. Von seiner Militärzeit als amerikanischer Soldat in Deutschland, wo er seine spätere Frau Ruth kennenlernte, mit der er 1946 in die USA ging, bis zur Rückkehr der Familie nach Europa. Die Geschichte eines Lebens in der Emigration.
</marc:subfield>
   </marc:datafield>
   <marc:datafield ind1=" " ind2=" " tag="020">
      <marc:subfield code="a">9783901899140</marc:subfield>
      <marc:subfield code="9">9783901899140</marc:subfield>
   </marc:datafield>
   <marc:datafield ind1=" " ind2=" " tag="020">
      <marc:subfield code="a">3901899146</marc:subfield>
      <marc:subfield code="9">3901899146</marc:subfield>
   </marc:datafield>
   <marc:datafield ind1=" " ind2=" " tag="041">
      <marc:subfield code="a">ger</marc:subfield>
   </marc:datafield>
   <marc:datafield ind1=" " ind2=" " tag="300">
      <marc:subfield code="a">154 S.</marc:subfield>
   </marc:datafield>
</marc:record>
